|
|
|
|
| LEADER |
00000nam0a2200000 4500 |
| 001 |
248904 |
| 005 |
20231101232429.0 |
| 020 |
|
|
|a RU
|b 88-85019
|
| 035 |
|
|
|a (RuTPU)RU\TPU\book\270827
|
| 090 |
|
|
|a 248904
|
| 100 |
|
|
|a 20140128d1988 k a0rusy5003 ca
|
| 101 |
0 |
|
|a rus
|
| 102 |
|
|
|a RU
|
| 105 |
|
|
|a a z 001zy
|
| 200 |
1 |
|
|a Технические и программные средства систем автоматизации экспериментальных исследований
|e практическое пособие
|f Московский государственный университет им. М. В. Ломоносова (МГУ) ; под ред. В. И. Коржа, С. Г. Басиладзе
|
| 210 |
|
|
|a Москва
|c Изд-во МГУ
|d 1988
|
| 215 |
|
|
|a 120 с.
|c ил.
|
| 320 |
|
|
|a Библиогр.: с. 120-121 (6 назв.)
|
| 606 |
1 |
|
|a Научно-исследовательская работа
|x Автоматизация
|2 stltpush
|3 (RuTPU)RU\TPU\subj\45143
|9 64405
|
| 610 |
1 |
|
|a технические средства
|
| 610 |
1 |
|
|a программные средства
|
| 610 |
1 |
|
|a экспериментальные исследования
|
| 610 |
1 |
|
|a протоколы
|
| 610 |
1 |
|
|a многопроцессорные системы
|
| 610 |
1 |
|
|a сравнительный анализ
|
| 610 |
1 |
|
|a электронные модули
|
| 610 |
1 |
|
|a широкополюсные усилители
|
| 610 |
1 |
|
|a рабочее место
|
| 686 |
|
|
|a Ч215.3
|2 rubbk
|
| 702 |
|
1 |
|a Корж
|b В. И.
|4 340
|
| 702 |
|
1 |
|a Басиладзе
|b С. Г.
|4 070
|
| 712 |
0 |
2 |
|a Московский государственный университет им. М. В. Ломоносова (МГУ)
|2 stltpush
|3 (RuTPU)RU\TPU\col\7
|
| 801 |
|
0 |
|a RU
|b RuMRKP
|c 19950417
|g psbo
|
| 801 |
|
1 |
|a RU
|b 63413507
|c 20140128
|
| 801 |
|
2 |
|a RU
|b 63413507
|c 20140130
|g RCR
|
| 942 |
|
|
|c BK
|